Statistics for Back to the Future

Click here to take the quiz!

General Stats

  • This quiz has been taken 117 times
    (78 since last reset)
  • The average score is 7 of 10

Answer Stats

Hint Answer % Correct
actor that plays martyMichael J. Fox
96%
the year marty travels to in part 11955
93%
the kind of car the time machine isDeLorean
89%
number of gigawats required to time travel1.21
88%
the kind of glasses one of biff's friends always wore3D
77%
Clint Eastwood
76%
doc's first nameEmmett
76%
the number of minutes doc's clocks were late by25
60%
Calvin Klein
51%
Marty's 3 alter egosMarty Jr
20%

Score Distribution

Percentile by Number Answered

Percent of People with Each Score

Your Score History

You have not taken this quiz since the last reset